Practical english: a comprehensive secondary course book two/ (Record no. 844)
| 000 -LEADER | |
|---|---|
| fixed length control field | 00597nam a22001817a 4500 |
| 003 - CONTROL NUMBER IDENTIFIER | |
| control field | OSt |
| 005 - DATE AND TIME OF LATEST TRANSACTION | |
| control field | 20140116120839.0 |
| 008 - FIXED-LENGTH DATA ELEMENTS--GENERAL INFORMATION | |
| fixed length control field | 111216t xxu||||| |||| 00| 0 eng d |
| 050 ## - LIBRARY OF CONGRESS CALL NUMBER | |
| Classification number | PE1065.O38 1972 |
| 100 ## - MAIN ENTRY--PERSONAL NAME | |
| Personal name | Ogundipe, P. A. |
| 245 ## - TITLE STATEMENT | |
| Title | Practical english: a comprehensive secondary course book two/ |
| Statement of responsibility, etc | P. A. Ogundipe and P. S. Tsegigo . |
| 260 ## - PUBLICATION, DISTRIBUTION, ETC. (IMPRINT) | |
| Place of publication, distribution, etc | London : |
| Name of publisher, distributor, etc | Longman Ltd. , |
| Date of publication, distribution, etc | 1972 . |
| 300 ## - PHYSICAL DESCRIPTION | |
| Extent | xii, 257 p. |
| 650 ## - SUBJECT ADDED ENTRY--TOPICAL TERM | |
| Topical term or geographic name as entry element | English language |
| Form subdivision | Textbooks for foreign speakers |
| Geographic subdivision | Africa |
| 650 ## - SUBJECT ADDED ENTRY--TOPICAL TERM | |
| Topical term or geographic name as entry element | English language |
| Form subdivision | Study and teaching |
| 700 ## - ADDED ENTRY--PERSONAL NAME | |
| Personal name | Tregidgo, P. S. |
| 942 ## - ADDED ENTRY ELEMENTS (KOHA) | |
| Source of classification or shelving scheme | |
| Koha item type | Book |
| Withdrawn status | Lost status | Source of classification or shelving scheme | Damaged status | Not for loan | Home library | Current library | Date acquired | Total Checkouts | Total Renewals | Full call number | Barcode | Checked out | Date last seen | Date checked out | Copy number | Price effective from | Koha item type |
|---|---|---|---|---|---|---|---|---|---|---|---|---|---|---|---|---|---|
| Riara University Library | Riara University Library | 16/12/2011 | 3 | 1 | PE1065.O38 1972 | 3173/11 | 03/12/2016 | 17/11/2016 | 17/11/2016 | C.1 | 16/12/2011 | Book | |||||
| Riara University Library | Riara University Library | 16/12/2011 | PE1065.O38 1972 | 3174/11 | 16/12/2011 | C.2 | 16/12/2011 | Book | |||||||||
| Riara University Library | Riara University Library | 16/12/2011 | PE1065.O38 1972 | 3175/11 | 16/12/2011 | C.3 | 16/12/2011 | Book |
